| 000 | 00465nam a22001697a 4500 | ||
|---|---|---|---|
| 003 | BD-ChCU | ||
| 005 | 20260304123015.0 | ||
| 008 | 260304b bg ||||| |||| 00| 0 ben d | ||
| 040 | _cBD-ChCU | ||
| 082 | _a330.109 TAH | ||
| 100 |
_aTaylor, Overton H. _920761 |
||
| 245 |
_aA history of economic thought.// _cTaylor, Overton H. |
||
| 260 |
_aNew York. _bMcGraw-Hill. _c1960 |
||
| 300 | _axix, 524p | ||
| 650 | 0 |
_aEconomic Conditions. _920762 |
|
| 942 |
_2ddc _cBK _n0 |
||
| 999 |
_c111833 _d111833 |
||